000 00477pab a2200193 454500
008 180718b2012 xxu||||| |||| 00| 0 eng d
100 _aKamath, K.V.
245 _aIndia: A story of continuing transformation
260 _c2012
300 _ap.1-7.
362 _aApr-Jun
650 _aUrbanization - India
650 _aEconomic growth - India
650 _aEconomic reform - India
650 _aEconomic reform
773 _aVikalpa
908 _aN
909 _a97079
999 _c97079
_d97079